000 00292 a2200121 4500
003 Nust
005 20170207154320.0
022 _a9789535106432
040 _cNust
245 _aSecurity Enhanced Applications for Information Systems (E-Book)
_cChristos Kalloniatis
260 _c2012
300 _a234 p
651 _aE-Book
999 _c196740
_d196740